تجربتي مع الصورة السينمائية / (Record no. 12726)
[ view plain ]
| 000 -الفاتح | |
|---|---|
| حقل البيانات ثابتة الطول | 01119nam a22003257a 4500 |
| 003 - محدد رقم الضبط | |
| رقم الضبط | EG-ScBUE |
| 005 - وقت وتاريخ اخر تعامل مع التسجيلة | |
| رقم الضبط | 20211025134130.0 |
| 008 - عناصر البيانات ثابتة الطول - معلومات عامة | |
| حقل البيانات ثابتة الطول | 090827s2004 ua a f 00010 aara d |
| 017 ## - رقم الإيداع القانونى | |
| رقم الإيداع القانونى | 2004 / 7427 |
| 020 ## - الرقم الدولى المعيارى للكتب | |
| الرقم الدولى المعيارى للكتاب | 9773057119 |
| 040 ## - مصدر الفهرسة | |
| وكالة الفهرسة الأصلية | EG-ScBUE |
| لغة الفهرسة | ara |
| قواعد الوصف | rda |
| وكالة النسخ | EG-ScBUE |
| وكالة التعديل | EG-ScBUE |
| 082 04 - رقم تصنيف ديوى العشرى | |
| رقم التصنيف | 778.53 |
| رقم المادة | ش ي م |
| رقم الطبعة | 22 |
| 100 1# - المدخل الرئيسى - إسم شخصى | |
| 9 (RLIN) | 8687 |
| الإسم الشخصى | شيمي، سعيد، |
| الدور | مؤلف. |
| 245 10 - بيان العنوان | |
| العنوان | تجربتي مع الصورة السينمائية / |
| بيان المسئوليه,etc | سعيد شيمي. |
| 264 #1 - النشر، التوزيع | |
| مكان الناشر او الموزع | القاهرة : |
| اسم الناشر او الموزع | الهيئة العامة لقصور الثقافة، |
| تاريخ النشر أو التوزيع | 2004. |
| 300 ## - الوصف المادى | |
| التعداد | مجلدان : |
| تفاصيل ماديه اخرى للوعاء | إيضاحيات ؛ |
| أبعاد الوعاء | 24 سم. |
| 336 ## - نوع المحتوى | |
| source | rdacontent |
| Carrier Type Term | نص |
| Content Type Code | txt |
| 337 ## - نوع الوسيط | |
| source | rdamedia |
| Media Type Term | بدون وسيط |
| Media Type Code | n |
| 338 ## - نوع الحامل أو الناقل | |
| source | rdacarrier |
| Carrier Type Term | مجلد |
| Carrier Type Code | nc |
| 490 0# - بيان السلسلة | |
| عنوان السلسلة | آفاق السينما ؛ |
| رقم المجلد/ التعيين التسلسلي | 39 |
| 500 ## - تبصرة عامة | |
| تبصرة عامة | يشتمل على كشافات. |
| 520 0# - التبصرة الخاصة بالتعليق أو التلخيص | |
| ملخص,الخ | الجزء الأول. |
| 541 ## - تبصرة المصدر المباشر للتزويد | |
| طريقة التزويد | إهداء. |
| 600 17 - المدخل الاضافى بالموضوع-اسم شخصى | |
| الإسم الشخصى | شيمي، سعيد، |
| مصدر الرأس أو المصطلح | BUEsh |
| 650 #7 - المدخل الاضافى بالموضوع-مصطلح موضوعى | |
| 9 (RLIN) | 8693 |
| مصطلح موضوعي أو اسم جغرافي كعنصر مدخل | التصوير السينمائي. |
| مصدر الرأس أو المصطلح | BUEsh |
| 651 ## - المدخل الاضافى بالموضوع - اسم جغرافى | |
| مصدر الرأس أو المصطلح | BUEsh |
| 653 ## - مصطلح تكشيفى غير مقيد | |
| Resource For college | Arts and Design |
| Arrived date list | October2021 |
| 655 ## - مصطلح تكشيفى-نوع/شكل | |
| التقسيم الفرعي الشكلي | Reading book |
| -- | 34232 |
| 942 ## - عناصر المدخل الإضافي( كوها) | |
| مصدر التصنيف او مخطط الترفيف | Dewey Decimal Classification |
| Koha [default] item type | Book - Borrowing |
| حالة التراجع | حالة الفقد | مصدر التصنيف او خطة الترفيف | حالة تلف | ليس للاعارة | مجموعات كوها | المكان الدائم | المكان الحالي | موقع الترفيف | تاريخ الاكتساب | رقم الاستدعاء | الباركود | Date last seen | نوع الوعاء | تبصرة عامة | تحديد مواد ( مجلدات مجمعه أو جزء أخر) | Source of acquisition |
|---|---|---|---|---|---|---|---|---|---|---|---|---|---|---|---|---|
| Dewey Decimal Classification | Alef-Baa | Central Library | Central Library | Second Floor | 27/08/2009 | 778.53 ش ي م | 000018118 | 15/07/2025 | Book - Borrowing | الجزء الأول | ||||||
| Lost | Dewey Decimal Classification | Alef-Baa | Central Library | Central Library | Second Floor | 27/08/2009 | 778.53 شيم | 000018117 | 27/08/2009 | NB - Book (Non borrowing) | ج 1 | Lost In Inventory_2015-8-23 |